Subsidiarita jako podstatný konstitutivní princip sociální politiky a občanské společnosti

Princíp subsidiarity z hľadiska jej pojmového obsahu, historického vývoja, reflexie v kontexte sociálnych vied a politickej filozofie. Aplikácia v oblasti sociálnej politiky a sociálnej práce.

Salvato in:
Dettagli Bibliografici
Autore principale: Míčka, Roman
Natura: Capitolo di libro
Lingua:ceco
Soggetti:
Tags: Aggiungi Tag
Nessun Tag, puoi essere il primo ad aggiungerne!!

MARC

LEADER 00000naa a2200000 4500
001 0184831
005 20220729110722.5
041 0 |a cze 
044 |a CZ 
245 1 0 |a Subsidiarita jako podstatný konstitutivní princip sociální politiky a občanské společnosti  |c Roman Míčka 
520 |a Princíp subsidiarity z hľadiska jej pojmového obsahu, historického vývoja, reflexie v kontexte sociálnych vied a politickej filozofie. Aplikácia v oblasti sociálnej politiky a sociálnej práce. 
610 2 0 |a politika sociálna 
610 2 0 |a práca sociálna 
610 2 0 |a spoločnosť občianska 
610 2 0 |a nástroje politiky sociálnej 
610 2 0 |a subsidiarita 
610 2 0 |a pomoc sociálna 
100 1 |a Míčka, Roman